000 00908nam a22002417a 4500
001 8142
003 FISKH
005 20250828114243.0
008 250828b cb ||||| |||| 00| 0 eng d
020 _a9788188370139
040 _aFISKH
_beng
_cFISKH
_dFISKH
050 _aPZ7
100 _aValentine
245 _aLittle red riding hood /
_cBy Valentine
260 _aNew Delhi :
_bYoung Learner Publications ,
_c2018.
300 _a16 pages :
_bcolor illustrations ;
_c28 cm .
505 _aK
520 _aReading books is a kind of enjoyment. Reading books is a good habit. We bring you a different kinds of books. You can carry this book where ever you want. It is easy to carry. It can be an ideal gift to yourself and to your loved ones. Care instruction keep away from fire.
521 8 _a510
_bLexile estimate
521 8 _aK
_bRaz-Plus
942 _2ddc
_cBK
_n0
999 _c8142
_d8142